|
|
|
|
| LEADER |
00000cam a2200000 4500 |
| 001 |
vtls012252021 |
| 003 |
SK-MaSNL |
| 005 |
20260426010818.0 |
| 008 |
240306s2024 xo e lf 000 0 slo |
| 015 |
|
|
|a SNBI2024
|
| 020 |
|
|
|a 9788056203897
|q (brožované)
|
| 040 |
|
|
|a SNK
|b slo
|c SNK
|e rda
|
| 041 |
0 |
|
|a slo
|
| 043 |
|
|
|a e-xo---
|
| 044 |
|
|
|a xo
|c SK
|
| 072 |
|
7 |
|a 342
|x Ústavné právo. Správne právo
|2 konspekt
|
| 080 |
|
|
|a 342.4
|2 2011
|
| 080 |
|
|
|a 342
|2 2011
|
| 080 |
|
|
|a 342.565.2
|2 2011
|
| 080 |
|
|
|a (437.6)
|2 2011
|
| 080 |
|
|
|a (094.5)
|2 2011
|
| 080 |
|
|
|a (035)
|2 2011
|
| 080 |
|
|
|a 342.7
|2 2011
|
| 110 |
1 |
|
|a Slovensko
|4 aut
|9 266955
|
| 240 |
1 |
0 |
|a Zákony, etc.
|
| 245 |
1 |
0 |
|a Ústava, Ústavný súd a ústavné zákony do vrecka
|
| 246 |
3 |
4 |
|a Ústava, ústavné zákony a Ústavný súd do vrecka
|
| 264 |
|
1 |
|a Ružomberok
|b Epos
|c 2024
|
| 300 |
|
|
|a 287 strán
|c 15 cm
|
| 336 |
|
|
|a text
|b txt
|2 rdacontent
|
| 337 |
|
|
|a bez média
|b n
|2 rdamedia
|
| 338 |
|
|
|a zväzok
|b nc
|2 rdacarrier
|
| 500 |
|
|
|a Na obálke: Ústava, ústavné zákony a Ústavný súd do vrecka
|
| 504 |
|
|
|a Obsahuje bibliografické odkazy
|
| 505 |
0 |
0 |
|g I. časť
|t Ústava --
|g II. časť
|t Ústavné zákony --
|g III. časť
|t Ústavný súd --
|t IV. časť
|t Výklad ústavy
|
| 610 |
1 |
7 |
|a Slovensko.
|b Ústavný súd
|2 SNKKA
|9 17010
|
| 650 |
0 |
7 |
|a ústava
|2 SNKPH
|9 2640
|
| 650 |
0 |
7 |
|a ústavné právo
|2 SNKPH
|9 2256
|
| 650 |
0 |
7 |
|a ústavné súdnictvo
|2 SNKPH
|9 2633
|
| 650 |
0 |
7 |
|a Constitution
|2 SNKPHeng
|9 295680
|
| 650 |
0 |
7 |
|a Constitutional law
|2 SNKPHeng
|9 99107
|
| 650 |
0 |
7 |
|a Administration of constitutional justice
|2 SNKPHeng
|9 342138
|
| 650 |
0 |
7 |
|a ľudské práva
|2 SNKPH
|9 798
|
| 650 |
0 |
7 |
|a ústavné súdy
|2 SNKPH
|9 79129
|
| 650 |
0 |
7 |
|a Human rights
|2 SNKPHeng
|9 265688
|
| 650 |
0 |
7 |
|a Constitutional courts
|2 SNKPHeng
|9 295681
|
| 651 |
|
7 |
|a Slovensko
|2 SNKPHgeo
|9 14231
|
| 651 |
|
7 |
|a Slovakia
|2 SNKPHeng
|9 92630
|
| 655 |
|
7 |
|a zákony
|2 SNKPH
|9 70186
|
| 655 |
|
7 |
|a Laws
|2 SNKPHeng
|9 266957
|
| 655 |
|
7 |
|a príručky
|2 SNKPH
|9 74364
|
| 655 |
|
7 |
|a Handbooks, manuals, etc
|2 SNKPHeng
|9 90964
|
| 710 |
1 |
2 |
|a Slovensko.
|t Ústava Slovenskej republiky (1992, novela 2023)
|9 675402
|
| 710 |
1 |
2 |
|a Slovensko.
|t Ústavné zákony
|9 675403
|
| 710 |
1 |
2 |
|a Slovensko.
|t Zákon o Ústavnom súde (1992)
|9 675404
|
| 852 |
|
|
|a Slovenská národná knižnica
|
| 919 |
|
|
|a 978-80-562-0389-7
|
| 954 |
|
|
|a odborná, vedecká literatúra pôvodná (slovenská)
|2 lita
|
| 958 |
|
|
|a NB
|
| 999 |
|
|
|c 1045116
|d 1047046
|
| 952 |
|
|
|a SNK
|b SNK
|y PREZ
|7 0
|p 17A1547354
|o snkSE 14292
|i snk2024/8217
|8 0
|0 0
|1 0
|4 0
|d 2024-05-23
|f 1
|l 0
|r 2026-02-24 14:37:03
|w 2026-02-24
|